000 00335nam a2200133 4500
008 170216s2006||||GB d
245 1 0 _aOxford Essential Dictionary
250 _a1. vydanie
260 _bOxford University Press
_c2006
_aOxford
020 _c0
_a978-0-19-431722-1
044 _aGB
300 _a488 s.
958 _aAPR
999 _c21300
_d21300